000 01101nam a22003377a 4500
003 CHAP
005 20220329141155.0
008 971010s1978 r 00010 d
010 _a63834
011 _a64806
035 _a70932
040 _cCHAP
090 _aTesis
100 0 0 _aCortés Ojeda, Rafael Ramón.
_928379
245 1 _aEstudio cuantitativo de canales de conejo (Orictogylus cunniculus L.)
260 _aChapingo, Méx. :
_bEl autor,
_c1978
300 _a54 h.
500 _ac.4 en bodega
502 _aTesis (Ing. Agrónomo Esp. en Zootecnia) -- ENA. Departamento de Zootecnia
590 _aALEPH
_b10
_c20130110
_lUCH01
_h1347
590 _aBATCH-UPD
_b10
_c20130110
_lUCH01
_h0551
590 _aBATCH-UPD
_b10
_c20130410
_lUCH01
_h0233
590 _aBATCH-UPD
_b10
_c20130914
_lUCH01
_h0850
590 _aCONVERSION
_b10
_c20130109
_lUCH01
_h1334
650 1 4 _aCarne de conejo en canal.
_919152
901 _aBK
942 _cFOLL
949 _bBC
_cTES
_d-145881
_eTS1
_i70932
_si
949 _bBC
_cTES
_d-145882
_eTS2
_fc.2
_i70932
_si
949 _bBC
_cTES
_d-145883
_eTS2
_fc.3
_i70932
_si
999 _c63834
_d63834